Social research : issues, methods and process

Bibliographic Details
Main Author: MAY, Tim
Format: Book
Published: Buckingham : University Press , 1993
Subjects:

MARC

LEADER 00000cam a2200000 7i4500
001 0000002677
002 000002905
005 20000330.0
020 |a 0335190545 
090 0 0 |a 300.72   |b MAY 
100 1 |a MAY, Tim 
245 1 0 |a Social research :   |b issues, methods and process   |c Tim May 
260 |a Buckingham :   |b University Press ,   |c 1993 
300 |a 367p. ;   |c 27cm. 
650 0 0 |a Social science   |x Research 
999 |a 036078   |b BUKU   |c RUJUKAN   |e PERPUSTAKAAN KOMUNITI PETALING JAYA